Diseño de secuencias didácticas para potenciar aprendizajes en el plurigrado rural / (Registro nro. 32478)
[ vista simple ]
| 000 -CABECERA | |
|---|---|
| campo fijo de control de longitud | 01315nab a2200265 4500 |
| 003 - IDENTIFICADOR DEL NÚMERO DE CONTROL | |
| campo de control | AR-RoBPED |
| 005 - FECHA Y HORADE LA ULTIMA TRANSACCION | |
| campo de control | 20260330122514.0 |
| 008 - ELEMENTOS DE LONGITUD FIJA--INFORMACION GENERAL | |
| campo fijo de control de longitud | 260330b |||||||| |||| 00| 0 spa d |
| 040 ## - FUENTE CATALOGADORA | |
| Centro catalogador/agencia de origen | AR-RoBPED |
| 041 ## - IDIOMA | |
| Código de idioma para texto/pista de sonido o título independiente | spa |
| 100 1# - ENCABEZAMIENTO PRINCIPAL--AUTOR PERSONAL | |
| Nombre de persona | Veglia, Silvia |
| 9 (RLIN) | 30669 |
| Función | Profesora en Biología (UNL) y especialista en Enseñanza de las Ciencias para la Educación Primaria |
| 245 1# - TITULO | |
| Título | Diseño de secuencias didácticas para potenciar aprendizajes en el plurigrado rural / |
| 260 ## - PUBLICACION | |
| Lugar | Buenos Aires : |
| Editor | Noveduc, |
| Fecha | 2025 |
| 300 ## - DESCRIPCION FISICA | |
| Extensión | 46-54 p. |
| 500 ## - NOTA GENERAL | |
| Nota general | Los autores desarrollan algunas ideas obre la enseñanza de las ciencias en el contexto de las escuelas rurales multigrado y presentan-a modo de ejemplo-una serie de actividades secuenciadas para niños de primero a cuarto grado. |
| 650 #7 - TERMINO DE MATERIA--CONTROLADO | |
| Término controlado | ENSEÑANZA DE LA CIENCIA |
| 9 (RLIN) | 1649 |
| Término controlado | NIVEL PRIMARIO |
| 9 (RLIN) | 18876 |
| Término controlado | PROPUESTA DIDÁCTICA |
| 9 (RLIN) | 22005 |
| Término controlado | APRENDIZAJE |
| 9 (RLIN) | 560 |
| Término controlado | EDUCACION RURAL |
| 9 (RLIN) | 1115 |
| 700 1# - ENCABEZAMIENTO SECUNDARIO--AUTOR PERSONAL | |
| Nombre de persona | Galfrascoli, Adrián |
| 9 (RLIN) | 30670 |
| Función | Profesor en Ciencias Naturales y magister en Enseñanza de las Ciencias Experimentales |
| 773 0# - DOCUMENTO FUENTE | |
| Host Biblionumber | 20414 |
| Host Itemnumber | 41863 |
| Place, publisher, and date of publication | Buenos Aires : Noveduc, 1993- |
| Título | Novedades Educativas |
| Record control number | (AR-RoBPED)20414 |
| International Standard Serial Number | 03283534 |
| 942 ## - ELEMENTOS KOHA | |
| Fuente de clasificación | Universal Decimal Classification |
| Koha tipo de ítem | Revistas |
| Clasificación | 37(05) |
| Signatura librística | Nov 86 N° 403 (Ago.2025) |
| Número Koha | k.32478 |
| 945 ## - PROCESAMIENTO DE LA INFORMACIÓN LOCAL | |
| Catalogador y fecha | mar 03/2026 |
No hay ítems disponibles.